Online Catalogue and eLibrary

The third way : (Record no. 395)

MARC details
000 -LEADER
fixed length control field 00661cam a2200229 a 4500
001 - CONTROL NUMBER
control field 3562238
005 - DATE AND TIME OF LATEST TRANSACTION
control field 20240214062443.0
008 - FIXED-LENGTH DATA ELEMENTS--GENERAL INFORMATION
fixed length control field 980928s1999 mau bi 001 0 eng
020 ## - INTERNATIONAL STANDARD BOOK NUMBER
ISBN 0745622666 (alk. paper)
020 ## - INTERNATIONAL STANDARD BOOK NUMBER
ISBN 0745622674 (pbk. : alk. paper)
040 ## - CATALOGING SOURCE (பட்டியலாக்க மூலம்)
Original cataloging agency DLC
Transcribing agency DLC
Modifying agency DLC
082 00 - DDC Classification
Class No. 320.
DDC Edition Number 21
Item Number - Author Mark ANT.
100 1# - MAIN ENTRY--PERSONAL NAME
Personal name Giddens, Anthony.
245 14 - TITLE STATEMENT
Title The third way :
Remainder of title the renewal of social democracy /
Statement of responsibility, etc. Anthony Giddens.
260 ## - PUBLICATION, DISTRIBUTION, ETC.
Place of publication, distribution, etc. Malden, Mass. :
Name of publisher, distributor, etc. Polity Press,
Date of publication, distribution, etc. 1998.
300 ## - PHYSICAL DESCRIPTION
Extent (e.g. Volumes, Pages etc.) x, 166 p. ;
650 #0 - SUBJECT ADDED ENTRY--TOPICAL TERM
Topical term or geographic name entry element Post-communism.
650 #0 - SUBJECT ADDED ENTRY--TOPICAL TERM
Topical term or geographic name entry element Socialism.
650 #0 - SUBJECT ADDED ENTRY--TOPICAL TERM
Topical term or geographic name entry element Welfare state.
650 #0 - SUBJECT ADDED ENTRY--TOPICAL TERM
Topical term or geographic name entry element Right and left (Political science)
942 ## - Koha item type (Biblio)
Koha item type Books in Stacks (Lending)
Holdings
Lost status Damaged status Collection code Home library Current library Date acquired Full call number Accession Number Item type
    Lending WERC Library WERC Library 02/14/2024 320. ANT. 2691 Books in Stacks (Lending)

© WERC Library